|
|
|
|
| LEADER |
00822nam a22002411a 4500 |
| 020 |
|
|
|a 9780198069539
|c 0.00
|
| 040 |
|
|
|a SSUS - Library - Kalady
|
| 082 |
|
|
|a 333.750 954 162
|b ARU/F
|
| 100 |
|
|
|a Arupjyoti Saikia
|
| 245 |
|
|
|a Forests and ecological history of Assam, 1826-2000
|h [Text]
|
| 260 |
|
|
|a New Delhi
|b Oxford University Press
|c 2011
|
| 300 |
|
|
|a 388p.
|
| 600 |
|
|
|a Environmental Studies
|
| 600 |
|
|
|a Forest Ecology
|
| 600 |
|
|
|a Forest conservation
|
| 600 |
|
|
|a Forest Policy
|
| 600 |
|
|
|a Forests Assam
|
| 600 |
|
|
|a Social Sciences
|
| 600 |
|
|
|a Forestry
|
| 852 |
|
|
|h 333.750 954 162
|i ARU/F
|p 073994
|9 995.00
|t 0
|
| 942 |
|
|
|c BK
|
| 999 |
|
|
|c 14925
|d 14925
|
| 952 |
|
|
|0 0
|1 0
|4 0
|6 333_750000000000000_954_162_ARU_F
|7 0
|9 21220
|a SSUS
|b SSUS
|d 2015-01-08
|g 995.00
|o 333.750 954 162 ARU/F
|p 073994
|r 2015-01-08
|v 0.00
|w 2015-01-08
|y BK
|